<?xml version="1.0" encoding="UTF-8"?>
<collection xmlns="http://www.loc.gov/MARC21/slim">
<record>
  <controlfield tag="001">2508</controlfield>
  <controlfield tag="005">20160701171706.0</controlfield>
  <datafield tag="037" ind1=" " ind2=" ">
    <subfield code="a">ASTROimport-665</subfield>
  </datafield>
  <datafield tag="100" ind1=" " ind2=" ">
    <subfield code="a">De Cat, P.</subfield>
  </datafield>
  <datafield tag="260" ind1=" " ind2=" ">
    <subfield code="c">2004</subfield>
  </datafield>
  <datafield tag="245" ind1=" " ind2=" ">
    <subfield code="a">Spectroscopic study of the double-lined slowly pulsating B star HD 140873 and HD 123515</subfield>
  </datafield>
  <datafield tag="520" ind1=" " ind2=" ">
    <subfield code="a">HD 140873 and HD 123515 are non-eclipsing double-lined spectroscopic binaries whose primaries are respectively an apparently monoperiodic and multiperiodic slowly pulsating B star. Disentangling of the observed λλ 4130 Å Si II-doublet leads to satisfactory results for HD 140873 while non-physical features appear in the component spectrum for the secondary of HD 123515 which we attribute to the pulsations of the primary. After removing the contribution of the secondary from the observed spectra of HD 140873, there is a better agreement in the temporal behaviour of both Si II lines, but the results of the mode identification remain inconclusive. </subfield>
  </datafield>
  <datafield tag="700" ind1=" " ind2=" ">
    <subfield code="a"> De Ridder, J.</subfield>
  </datafield>
  <datafield tag="700" ind1=" " ind2=" ">
    <subfield code="a"> Hensberge, H.</subfield>
  </datafield>
  <datafield tag="700" ind1=" " ind2=" ">
    <subfield code="a"> Ilijic, S.</subfield>
  </datafield>
  <datafield tag="773" ind1=" " ind2=" ">
    <subfield code="p">Spectroscopically and Spatially Resolving the Components of the Close Binary Stars</subfield>
    <subfield code="v">318</subfield>
    <subfield code="y">2004</subfield>
    <subfield code="c">338-341</subfield>
  </datafield>
  <datafield tag="856" ind1="4" ind2="2">
    <subfield code="a">http://esoads.eso.org/abs/2004ASPC..318..338D</subfield>
  </datafield>
  <datafield tag="905" ind1=" " ind2=" ">
    <subfield code="a">published in</subfield>
  </datafield>
  <datafield tag="980" ind1=" " ind2=" ">
    <subfield code="a">NONREF</subfield>
  </datafield>
</record>
</collection>